Building construction: principles and practices (Record no. 77793)
[ view plain ]
| 000 -LEADER | |
|---|---|
| fixed length control field | 01408nam a2200241 a 4500 |
| 008 - FIXED-LENGTH DATA ELEMENTS--GENERAL INFORMATION | |
| fixed length control field | 071119s1995 ||||||||||||||||| || u |
| 020 ## - INTERNATIONAL STANDARD BOOK NUMBER | |
| International Standard Book Number | 0333605225 |
| 050 ## - LIBRARY OF CONGRESS CALL NUMBER | |
| Classification number | TH 145 Wal |
| 100 ## - MAIN ENTRY--PERSONAL NAME | |
| Personal name | Walton, Denis |
| 245 10 - TITLE STATEMENT | |
| Title | Building construction: principles and practices |
| Statement of responsibility, etc. | Denis Walton |
| 260 ## - PUBLICATION, DISTRIBUTION, ETC. | |
| Place of publication, distribution, etc. | Oxford |
| Name of publisher, distributor, etc. | Macmillan |
| Date of publication, distribution, etc. | 1995 |
| 300 ## - PHYSICAL DESCRIPTION | |
| Extent | ix, 238p.: ill. |
| 350 ## - | |
| -- | 0.00 |
| 490 ## - | |
| -- | The MOTIVATE aeries(Macmillan Texts for Industrial Vocational and Technical Education) |
| 650 ## - SUBJECT ADDED ENTRY--TOPICAL TERM | |
| Topical term or geographic name entry element | BUILDING |
| 650 ## - SUBJECT ADDED ENTRY--TOPICAL TERM | |
| Topical term or geographic name entry element | BUILDING CONSTRUCTION |
| 650 ## - SUBJECT ADDED ENTRY--TOPICAL TERM | |
| Topical term or geographic name entry element | BUILDING MATERIALS |
| 995 ## - | |
| -- | MAIN LIBRARY OPEN ACCESS |
| -- | 0.00 |
| -- | 738053 |
| -- | CBU-MAIN LIBRARY (Kitwe) |
| -- | 1 |
| -- | 0.00 |
| -- | TH 145 Wal |
| -- | 2 |
| -- | OUT |
| -- | Nov 19, 2007 |
| -- | 738053 |
| -- | Main Library Open Access Collection |
| 995 ## - | |
| -- | BINDERY (DAMAGED) |
| -- | 0.00 |
| -- | 738055 |
| -- | CBU-MAIN LIBRARY (Kitwe) |
| -- | 1 |
| -- | 0.00 |
| -- | TH 145 Wal |
| -- | 1 |
| -- | DAMAGED |
| -- | Nov 19, 2007 |
| -- | 738055 |
| -- | Main Library Open Access Collection |
| 995 ## - | |
| -- | BINDERY (DAMAGED) |
| -- | 0.00 |
| -- | 738054 |
| -- | CBU-MAIN LIBRARY (Kitwe) |
| -- | 1 |
| -- | 0.00 |
| -- | TH 145 Wal |
| -- | 3 |
| -- | DAMAGED |
| -- | Nov 19, 2007 |
| -- | 738054 |
| -- | Main Library Open Access Collection |
| 995 ## - | |
| -- | MAIN LIBRARY OPEN ACCESS |
| -- | 0.00 |
| -- | 738052 |
| -- | CBU-MAIN LIBRARY (Kitwe) |
| -- | 1 |
| -- | 0.00 |
| -- | TH 145 Wal |
| -- | 4 |
| -- | AVAILABLE |
| -- | Nov 19, 2007 |
| -- | 738052 |
| -- | Main Library Open Access Collection |
| 995 ## - | |
| -- | BINDERY (DAMAGED) |
| -- | 0.00 |
| -- | 738056 |
| -- | CBU-MAIN LIBRARY (Kitwe) |
| -- | 1 |
| -- | 0.00 |
| -- | TH 145 Wal |
| -- | 5 |
| -- | DAMAGED |
| -- | Nov 19, 2007 |
| -- | 738056 |
| -- | Main Library Open Access Collection |
| 999 ## - | |
| -- | 77793 |
| -- | 77793 |
| Withdrawn status | Lost status | Source of classification or shelving scheme | Damaged status | Not for loan | Permanent Location | Current Location | Shelving location | Date acquired | Total Checkouts | Full call number | Barcode | Checked out | Date last seen | Date last checked out | Copy number | Price effective from | Koha item type |
|---|---|---|---|---|---|---|---|---|---|---|---|---|---|---|---|---|---|
| CBU-MAIN LIBRARY, KITWE. | CBU-MAIN LIBRARY, KITWE. | 05/03/2023 | 1 | TH 145 Wal | 738053 | 05/08/2025 | 03/06/2025 | 03/06/2025 | 1 | 05/03/2023 | MONOGRAPH | ||||||
| CBU-MAIN LIBRARY, KITWE. | CBU-MAIN LIBRARY, KITWE. | 05/03/2023 | TH 145 Wal | 738055 | 05/03/2023 | 2 | 05/03/2023 | MONOGRAPH | |||||||||
| CBU-MAIN LIBRARY, KITWE. | CBU-MAIN LIBRARY, KITWE. | 05/03/2023 | TH 145 Wal | 738054 | 05/03/2023 | 3 | 05/03/2023 | MONOGRAPH | |||||||||
| CBU-MAIN LIBRARY, KITWE. | CBU-MAIN LIBRARY, KITWE. | 05/03/2023 | TH 145 Wal | 738052 | 05/03/2023 | 4 | 05/03/2023 | MONOGRAPH | |||||||||
| CBU-MAIN LIBRARY, KITWE. | CBU-MAIN LIBRARY, KITWE. | 05/03/2023 | TH 145 Wal | 738056 | 05/03/2023 | 5 | 05/03/2023 | MONOGRAPH |